Drug delivery / (Record no. 20942)
[ view plain ]
| 000 -LEADER | |
|---|---|
| fixed length control field | 00858nam a22002535a 4500 |
| 005 - DATE AND TIME OF LATEST TRANSACTION | |
| control field | 20151020135154.0 |
| 008 - FIXED-LENGTH DATA ELEMENTS--GENERAL INFORMATION | |
| fixed length control field | 151020t2010 gw a frb 001 0 eng d |
| 020 ## - INTERNATIONAL STANDARD BOOK NUMBER | |
| International Standard Book Number | 9783642262906 |
| 040 ## - CATALOGING SOURCE | |
| Original cataloging agency | EG-ScBUE |
| Language of cataloging | eng |
| Transcribing agency | EG-ScBUE |
| 082 04 - DEWEY DECIMAL CLASSIFICATION NUMBER | |
| Classification number | 615.6 |
| Item number | DRU |
| Edition number | 22 |
| 245 00 - TITLE STATEMENT | |
| Title | Drug delivery / |
| Statement of responsibility, etc | editor Monika Schäfer-Korting. |
| 260 ## - PUBLICATION, DISTRIBUTION, ETC. (IMPRINT) | |
| Place of publication, distribution, etc | Berlin : |
| Name of publisher, distributor, etc | Springer-Verlag, |
| Date of publication, distribution, etc | c.2010. |
| 300 ## - PHYSICAL DESCRIPTION | |
| Extent | xiv, 501 p. : |
| Other physical details | ill. (col.) ; |
| Dimensions | 24 cm. |
| 490 0# - Series Statement | |
| Series statement | Handbook of experimental pharmacology ; |
| Volume/sequential designation | volume 197 |
| 500 ## - GENERAL NOTE | |
| General note | Index : p. 491-500. |
| 504 ## - BIBLIOGRAPHY, ETC. NOTE | |
| Bibliography, etc | Includes bibliographical references. |
| 650 #7 - SUBJECT ADDED ENTRY--TOPICAL TERM | |
| Topical term or geographic name as entry element | Pharmaceutical chemistry. |
| Source of heading or term | BUEsh |
| 9 (RLIN) | 30027 |
| 650 #7 - SUBJECT ADDED ENTRY--TOPICAL TERM | |
| Topical term or geographic name as entry element | Drug delivery systems. |
| Source of heading or term | BUEsh |
| 9 (RLIN) | 36090 |
| 651 ## - SUBJECT ADDED ENTRY--GEOGRAPHIC NAME | |
| Source of heading or term | BUEsh |
| 653 ## - INDEX TERM--UNCONTROLLED | |
| Resource For college | Pharmacy |
| Arrived date list | October2015 |
| 655 ## - INDEX TERM--GENRE/FORM | |
| Form subdivision | Reading book |
| -- | 34232 |
| 700 1# - ADDED ENTRY--PERSONAL NAME | |
| Personal name | Schäfer-Korting, Monika, |
| Dates associated with a name | 1952-, |
| Relator term | editor. |
| 942 ## - ADDED ENTRY ELEMENTS (KOHA) | |
| Source of classification or shelving scheme | Dewey Decimal Classification |
| Call number prefix | 615.6 DRU |
| Withdrawn status | Item status | Source of classification or shelving scheme | Damaged status | Not for loan | Vendor | Home library | Current library | Shelving location | Date acquired | Source of acquisition | Cost, normal purchase price | Total Checkouts | Full call number | Barcode | Date last seen | Koha item type |
|---|---|---|---|---|---|---|---|---|---|---|---|---|---|---|---|---|
| Dewey Decimal Classification | Baccah | Central Library | Central Library | First floor | 20/10/2015 | Purchase | 2990.00 | 615.6 DRU | 000031029 | 15/07/2025 | NB - Book (Non borrowing) |